| Tag |
First Indicator |
Second Indicator |
Subfields |
| LEADER |
00000cam a2200000 4500 |
| 001 |
in00000031607 |
| 005 |
20151007061736.0 |
| 008 |
780727s1948 inu 00001 eng |
| 010 |
|
|
|a 48006913
|
| 035 |
|
|
|a (OCoLC)04089450
|
| 035 |
|
|
|9 AAD2925AM
|
| 040 |
|
|
|a DLC
|c KMS
|d TXA
|d UtOrBLW
|
| 049 |
|
|
|a TXAM
|c [157336]
|
| 050 |
0 |
0 |
|a PZ3.R7953
|b On
|
| 090 |
|
|
|a PS3535.O9643
|b O54 1948
|
| 092 |
|
|
|a 813
|b R881o
|
| 100 |
1 |
|
|a Rowell, Adelaide C.
|q (Adelaide Corinne),
|d 1887-
|
| 245 |
1 |
0 |
|a On Jordan's stormy banks :
|b a novel of Sam Davis, the Confederate scout /
|c by Adelaide Rowell.
|
| 250 |
|
|
|a 1st ed.
|
| 264 |
|
1 |
|a Indianapolis :
|b Bobbs-Merrill Co.,
|c [1948]
|
| 264 |
|
4 |
|c ©1948
|
| 300 |
|
|
|a 368 pages ;
|c 21 cm.
|
| 336 |
|
|
|a text
|b txt
|2 rdacontent
|
| 337 |
|
|
|a unmediated
|b n
|2 rdamedia
|
| 338 |
|
|
|a volume
|b nc
|2 rdacarrier
|
| 600 |
1 |
0 |
|a Davis, Samuel,
|d 1842-1863
|x Fiction.
|
| 651 |
|
0 |
|a United States
|x History
|y Civil War, 1861-1865
|v Fiction.
|
| 999 |
|
|
|a MARS
|
| 999 |
f |
f |
|s f88bdb61-afeb-335e-ad2b-efbf73b85819
|i eae31e1a-a329-3f89-a2a5-42f6bef399da
|t 0
|
| 952 |
f |
f |
|p ric
|a Texas A&M University
|b Rellis Campus
|c Joint Library Facility
|d Remote Storage
|t 0
|e PS3535.O9643 O54 1948
|h Library of Congress classification
|i unmediated -- volume
|m A14801249303
|
| 998 |
f |
f |
|a PS3535.O9643 O54 1948
|t 0
|l Remote Storage
|